Central Library OPAC University of Rajshahi

Radioisotopes in biology and agriculture / (Record no. 11890)

MARC details
000 -LEADER
fixed length control field 00754nam a22002411 4500
001 - CONTROL NUMBER
control field 11890
003 - CONTROL NUMBER IDENTIFIER
rucl marc code BD-RjUL
005 - DATE AND TIME OF LATEST TRANSACTION
control field 20211208235211.0
008 - FIXED-LENGTH DATA ELEMENTS--GENERAL INFORMATION
fixed length control field 140127s1955 nyua b 001 0 eng
035 ## - SYSTEM CONTROL NUMBER
System control number (BD-RjUL)11939
040 ## - CATALOGING SOURCE
Original cataloging agency DLC/ICU
Transcribing agency ICU
Modifying agency DLC
-- BD-RjUL
Language of cataloging eng
041 ## - LANGUAGE CODE
Language code of text/sound track or separate title eng
082 00 - DEWEY DECIMAL CLASSIFICATION NUMBER
Classification number 540.3884
Author mark and year COR 195514091
Edition number 23
100 1# - MAIN ENTRY--PERSONAL NAME
Personal name Comar, C. L.
Fuller form of name (Cyril Lewis),
Dates associated with a name 1914-
9 (RLIN) 36855
245 10 - TITLE STATEMENT
Title Radioisotopes in biology and agriculture /
Remainder of title principles and practice.
260 ## - PUBLICATION, DISTRIBUTION, ETC. (IMPRINT)
Place of publication, distribution, etc. New York :
Name of publisher, distributor, etc. McGraw-Hill,
Date of publication, distribution, etc. 1955.
300 ## - PHYSICAL DESCRIPTION
Pagination 481 p. :
Illustrations illus. ;
Size 24 cm.
504 ## - BIBLIOGRAPHY, ETC. NOTE
Bibliography, etc Includes bibliography and index.
650 #0 - SUBJECT ADDED ENTRY--TOPICAL TERM
Topical term or geographic name as entry element Radioisotopes in biology.
9 (RLIN) 36856
Topical term or geographic name as entry element Radioisotopes in agriculture.
9 (RLIN) 29487
942 ## - ADDED ENTRY ELEMENTS (KOHA)
Source of classification or shelving scheme Dewey Decimal Classification
Koha item type Books
Holdings
Lost status Source of classification or shelving scheme Damaged status Not for loan Collection code Permanent Location Current Location Shelving location Date acquired Source of acquisition Cost, normal purchase price Total Checkouts Full call number Date last seen Copy number Koha item type
  Dewey Decimal Classification   Not For Loan Non-fiction Central Library, University of Rajshahi Central Library, University of Rajshahi Reading Room 18/09/1957 Publishing United ltd. 58.80   541.3884 COR 1955 27/01/2014 C-1 Books
  Dewey Decimal Classification     Non-fiction Central Library, University of Rajshahi Central Library, University of Rajshahi   18/09/1957 United ltd. 58.80   541.3884 COR 1955 25/09/2018 C-2 Books
  Dewey Decimal Classification     Non-fiction Central Library, University of Rajshahi Central Library, University of Rajshahi   11/12/1963 Paramont book Stoll , 57.50   541.3884 COR 1955 08/12/2018 C-3 Books